| 000 | 01178cam a2200217 4500 | ||
|---|---|---|---|
| 001 | ABS66326 | ||
| 008 | 030120n2003 000 0 eng u | ||
| 035 | _a(Sirsi) u121069 | ||
| 100 | _aRobinson, A. | ||
| 245 | _aChanges to Part E of the Building Regulations | ||
| 260 | _c2003 | ||
| 490 |
_aBuilding Engineer _v78(1) January 2003, 14-15(2) |
||
| 520 | _aReviews the recent changes to the Building Regulations 2000 Approved Document E (2003 Edition) which propose to bring hostel and hotel accommodation within its scope, improve compliance with the regulations, improve the sound insulation between dwellings, and provide a minimum standard for walls within dwellings, control reverberation in the common parts of flats and regulate acoustic conditions in schools. Presents a concise overview of the new guidelines and gives details of where to find further information. | ||
| 590 | _aABS | ||
| 650 | _aBUILT ENVIRONMENT-CONSTRUCTION DESIGN-ACOUSTICS | ||
| 650 |
_aBUILDING REGULATIONS _96224 |
||
| 650 | _aBUILDING REGULATIONS 2000 APPROVED DOCUMENT E (2003 EDITION) | ||
| 650 | _aSOUND INSULATION | ||
| 690 | _aBUILT ENVIRONMENT-BUILDING STANDARDS | ||
| 942 | _n0 | ||
| 999 |
_c71938 _d71938 |
||